Borussia Dortmund Players Since 2014 - Statistics

General Stats
  • This quiz has been taken 123 times
  • The average score is 193 of 293
Answer Stats
% Correct
2023/24 (Bundesliga - 5th) Germany CB 34 Mats Hummels 40 4
98%
2022/23 (Bundesliga - 2nd) Germany CB 33 Mats Hummels 38 1
98%
2021/22 (Bundesliga - 2nd) Germany CB 32 Mats Hummels 32 1
98%
2020/21 (Bundesliga - 3rd) Germany CB 31 Mats Hummels 48 6
98%
2019/20 (Bundesliga - 2nd) Germany CB 30 Mats Hummels 41 1
98%
2015/16 (Bundesliga - 2nd) Germany CB 26 Mats Hummels 50 3
98%
2014/15 (Bundesliga - 7th) Germany CB 25 Mats Hummels 32 2
98%
2023/24 (Bundesliga - 5th) Germany AM 34 Marco Reus 42 9
94%
2022/23 (Bundesliga - 2nd) Germany AM 33 Marco Reus 31 8
94%
2021/22 (Bundesliga - 2nd) Germany AM 32 Marco Reus 41 13
94%
2020/21 (Bundesliga - 3rd) Germany AM 31 Marco Reus 49 11
94%
2019/20 (Bundesliga - 2nd) Germany AM 30 Marco Reus 26 12
94%
2018/19 (Bundesliga - 2nd) Germany AM 29 Marco Reus 36 21
94%
2017/18 (Bundesliga - 4th) Germany AM 28 Marco Reus 15 7
94%
2016/17 (Bundesliga - 3rd) Germany AM 27 Marco Reus 24 13
94%
2015/16 (Bundesliga - 2nd) Germany AM 26 Marco Reus 43 23
94%
2014/15 (Bundesliga - 7th) Germany AM 25 Marco Reus 29 11
94%
2023/24 (Bundesliga - 5th) Switzerland GK 25 Gregor Kobel 42
93%
2022/23 (Bundesliga - 2nd) Switzerland GK 24 Gregor Kobel 35
93%
2021/22 (Bundesliga - 2nd) Switzerland GK 23 Gregor Kobel 40
93%
2021/22 (Bundesliga - 2nd) Norway ST 20 Erling Haaland 30 29
90%
2020/21 (Bundesliga - 3rd) Norway ST 19 Erling Haaland 41 41
90%
2019/20 (Bundesliga - 2nd) Norway ST 18 Erling Haaland 18 16
90%
2023/24 (Bundesliga - 5th) England LW 23 Jadon Sancho 21 3
90%
2020/21 (Bundesliga - 3rd) England LW 20 Jadon Sancho 38 16
90%
2019/20 (Bundesliga - 2nd) England LW 19 Jadon Sancho 44 20
90%
2018/19 (Bundesliga - 2nd) England LW 18 Jadon Sancho 43 13
90%
2017/18 (Bundesliga - 4th) England LW 17 Jadon Sancho 12 1
90%
2022/23 (Bundesliga - 2nd) England AM 19 Jude Bellingham 42 14
89%
2021/22 (Bundesliga - 2nd) England AM 18 Jude Bellingham 44 6
89%
2020/21 (Bundesliga - 3rd) England AM 17 Jude Bellingham 46 4
89%
2023/24 (Bundesliga - 5th) Austria CM 29 Marcel Sabitzer 40 6
89%
2023/24 (Bundesliga - 5th) Germany CB 23 Nico Schlotterbeck 48 2
89%
2022/23 (Bundesliga - 2nd) Germany CB 22 Nico Schlotterbeck 39 4
89%
2017/18 (Bundesliga - 4th) Gabon ST 28 Pierre-Emerick Aubameyang 24 21
89%
2016/17 (Bundesliga - 3rd) Gabon ST 27 Pierre-Emerick Aubameyang 46 40
89%
2015/16 (Bundesliga - 2nd) Gabon ST 26 Pierre-Emerick Aubameyang 49 39
89%
2014/15 (Bundesliga - 7th) Gabon ST 25 Pierre-Emerick Aubameyang 46 25
89%
2023/24 (Bundesliga - 5th) Netherlands RW 24 Donyell Malen 38 15
88%
2022/23 (Bundesliga - 2nd) Netherlands RW 23 Donyell Malen 35 10
88%
2021/22 (Bundesliga - 2nd) Netherlands RW 22 Donyell Malen 38 9
88%
2023/24 (Bundesliga - 5th) Germany DM 29 Emre Can 38 2
87%
2022/23 (Bundesliga - 2nd) Germany DM 28 Emre Can 38 3
87%
2021/22 (Bundesliga - 2nd) Germany DM 27 Emre Can 28 5
87%
2020/21 (Bundesliga - 3rd) Germany DM 26 Emre Can 40 2
87%
2019/20 (Bundesliga - 2nd) Germany DM 25 Emre Can 15 2
87%
2023/24 (Bundesliga - 5th) Germany AM 27 Julian Brandt 47 10
87%
2022/23 (Bundesliga - 2nd) Germany AM 26 Julian Brandt 42 10
87%
2021/22 (Bundesliga - 2nd) Germany AM 25 Julian Brandt 40 9
87%
2020/21 (Bundesliga - 3rd) Germany AM 24 Julian Brandt 45 4
87%
2019/20 (Bundesliga - 2nd) Germany AM 23 Julian Brandt 42 7
87%
2022/23 (Bundesliga - 2nd) Portugal LB 28 Raphaël Guerreiro 36 6
87%
2021/22 (Bundesliga - 2nd) Portugal LB 27 Raphaël Guerreiro 28 5
87%
2020/21 (Bundesliga - 3rd) Portugal LB 26 Raphaël Guerreiro 40 6
87%
2019/20 (Bundesliga - 2nd) Portugal LB 25 Raphaël Guerreiro 38 8
87%
2018/19 (Bundesliga - 2nd) Portugal LB 24 Raphaël Guerreiro 32 6
87%
2017/18 (Bundesliga - 4th) Portugal LB 23 Raphaël Guerreiro 15 2
87%
2016/17 (Bundesliga - 3rd) Portugal LB 22 Raphaël Guerreiro 35 7
87%
2023/24 (Bundesliga - 5th) Ivory Coast ST 29 Sébastien Haller 19 3
87%
2022/23 (Bundesliga - 2nd) Ivory Coast ST 28 Sébastien Haller 22 9
87%
2023/24 (Bundesliga - 5th) Belgium LW 30 Thorgan Hazard 1
87%
2022/23 (Bundesliga - 2nd) Belgium LW 29 Thorgan Hazard 21 1
87%
2021/22 (Bundesliga - 2nd) Belgium LW 28 Thorgan Hazard 30 6
87%
2020/21 (Bundesliga - 3rd) Belgium LW 27 Thorgan Hazard 28 4
87%
2019/20 (Bundesliga - 2nd) Belgium LW 26 Thorgan Hazard 43 7
87%
2018/19 (Bundesliga - 2nd) United States RW 19 Christian Pulisic 30 7
86%
2017/18 (Bundesliga - 4th) United States RW 18 Christian Pulisic 42 5
86%
2016/17 (Bundesliga - 3rd) United States RW 17 Christian Pulisic 43 5
86%
2015/16 (Bundesliga - 2nd) United States RW 16 Christian Pulisic 12 2
86%
2023/24 (Bundesliga - 5th) Germany CB 27 Niklas Süle 31 1
86%
2022/23 (Bundesliga - 2nd) Germany CB 26 Niklas Süle 41 2
86%
2021/22 (Bundesliga - 2nd) Belgium DM 32 Axel Witsel 41 2
85%
2020/21 (Bundesliga - 3rd) Belgium DM 31 Axel Witsel 22 1
85%
2019/20 (Bundesliga - 2nd) Belgium DM 30 Axel Witsel 39 4
85%
2018/19 (Bundesliga - 2nd) Belgium DM 29 Axel Witsel 43 6
85%
2023/24 (Bundesliga - 5th) United States AM 20 Giovanni Reyna 14
85%
2022/23 (Bundesliga - 2nd) United States AM 19 Giovanni Reyna 30 7
85%
2021/22 (Bundesliga - 2nd) United States AM 18 Giovanni Reyna 13 2
85%
2020/21 (Bundesliga - 3rd) United States AM 17 Giovanni Reyna 46 7
85%
2019/20 (Bundesliga - 2nd) United States AM 16 Giovanni Reyna 18 1
85%
2019/20 (Bundesliga - 2nd) Germany AM 27 Mario Götze 21 3
83%
2018/19 (Bundesliga - 2nd) Germany AM 26 Mario Götze 34 7
83%
2017/18 (Bundesliga - 4th) Germany AM 25 Mario Götze 32 2
83%
2016/17 (Bundesliga - 3rd) Germany AM 24 Mario Götze 16 2
83%
2023/24 (Bundesliga - 5th) Germany ST 30 Niclas Füllkrug 43 15
83%
2023/24 (Bundesliga - 5th) Belgium RB 31 Thomas Meunier 8
83%
2022/23 (Bundesliga - 2nd) Belgium RB 30 Thomas Meunier 16
83%
2021/22 (Bundesliga - 2nd) Belgium RB 29 Thomas Meunier 26 2
83%
2020/21 (Bundesliga - 3rd) Belgium RB 28 Thomas Meunier 33 1
83%
2021/22 (Bundesliga - 2nd) Switzerland GK 30 Roman Bürki 1
82%
2020/21 (Bundesliga - 3rd) Switzerland GK 29 Roman Bürki 24
82%
2019/20 (Bundesliga - 2nd) Switzerland GK 28 Roman Bürki 39
82%
2018/19 (Bundesliga - 2nd) Switzerland GK 27 Roman Bürki 40
82%
2017/18 (Bundesliga - 4th) Switzerland GK 26 Roman Bürki 47
82%
2016/17 (Bundesliga - 3rd) Switzerland GK 25 Roman Bürki 40
82%
2015/16 (Bundesliga - 2nd) Switzerland GK 24 Roman Bürki 42
82%
2018/19 (Bundesliga - 2nd) Japan AM 29 Shinji Kagawa 4
82%
2017/18 (Bundesliga - 4th) Japan AM 28 Shinji Kagawa 27 6
82%
2016/17 (Bundesliga - 3rd) Japan AM 27 Shinji Kagawa 30 6
82%
2015/16 (Bundesliga - 2nd) Japan AM 26 Shinji Kagawa 46 13
82%
2014/15 (Bundesliga - 7th) Japan AM 25 Shinji Kagawa 38 6
82%
2017/18 (Bundesliga - 4th) Greece CB 29 Sokratis Papastathopoulos 43 3
82%
2016/17 (Bundesliga - 3rd) Greece CB 28 Sokratis Papastathopoulos 41 3
82%
2015/16 (Bundesliga - 2nd) Greece CB 27 Sokratis Papastathopoulos 40 1
82%
2014/15 (Bundesliga - 7th) Greece CB 26 Sokratis Papastathopoulos 32 2
82%
2019/20 (Bundesliga - 2nd) Morocco RB 20 Achraf Hakimi 45 9
81%
2018/19 (Bundesliga - 2nd) Morocco RB 19 Achraf Hakimi 28 3
81%
2023/24 (Bundesliga - 5th) England LW 18 Jamie Gittens 34 2
81%
2022/23 (Bundesliga - 2nd) England LW 17 Jamie Gittens 20 3
81%
2021/22 (Bundesliga - 2nd) England LW 16 Jamie Gittens 4
81%
2020/21 (Bundesliga - 3rd) Poland RB 35 Łukasz Piszczek 19 1
81%
2019/20 (Bundesliga - 2nd) Poland RB 34 Łukasz Piszczek 38 1
81%
2018/19 (Bundesliga - 2nd) Poland RB 33 Łukasz Piszczek 26 1
81%
2017/18 (Bundesliga - 4th) Poland RB 32 Łukasz Piszczek 31
81%
2016/17 (Bundesliga - 3rd) Poland RB 31 Łukasz Piszczek 39 5
81%
2015/16 (Bundesliga - 2nd) Poland RB 30 Łukasz Piszczek 38 2
81%
2014/15 (Bundesliga - 7th) Poland RB 29 Łukasz Piszczek 30
81%
2017/18 (Bundesliga - 4th) France RW 20 Ousmane Dembélé 1
80%
2016/17 (Bundesliga - 3rd) France RW 19 Ousmane Dembélé 49 10
80%
2021/22 (Bundesliga - 2nd) Switzerland CB 25 Manuel Akanji 36 1
79%
2020/21 (Bundesliga - 3rd) Switzerland CB 24 Manuel Akanji 41 2
79%
2019/20 (Bundesliga - 2nd) Switzerland CB 23 Manuel Akanji 39
79%
2018/19 (Bundesliga - 2nd) Switzerland CB 22 Manuel Akanji 31 1
79%
2017/18 (Bundesliga - 4th) Switzerland CB 21 Manuel Akanji 11
79%
2017/18 (Bundesliga - 4th) Germany GK 36 Roman Weidenfeller 3
78%
2016/17 (Bundesliga - 3rd) Germany GK 35 Roman Weidenfeller 11
78%
2015/16 (Bundesliga - 2nd) Germany GK 34 Roman Weidenfeller 14
78%
2014/15 (Bundesliga - 7th) Germany GK 33 Roman Weidenfeller 32
78%
2023/24 (Bundesliga - 5th) Germany ST 18 Youssoufa Moukoko 27 6
78%
2022/23 (Bundesliga - 2nd) Germany ST 17 Youssoufa Moukoko 35 7
78%
2021/22 (Bundesliga - 2nd) Germany ST 16 Youssoufa Moukoko 22 2
78%
2020/21 (Bundesliga - 3rd) Germany ST 15 Youssoufa Moukoko 15 3
78%
2023/24 (Bundesliga - 5th) Norway RB 25 Julian Ryerson 34 4
77%
2022/23 (Bundesliga - 2nd) Norway RB 24 Julian Ryerson 20 1
77%
2015/16 (Bundesliga - 2nd) Armenia CM 26 Henrikh Mkhitaryan 52 23
76%
2014/15 (Bundesliga - 7th) Armenia CM 25 Henrikh Mkhitaryan 42 5
76%
2019/20 (Bundesliga - 2nd) Germany LB 31 Marcel Schmelzer 8 1
76%
2018/19 (Bundesliga - 2nd) Germany LB 30 Marcel Schmelzer 13
76%
2017/18 (Bundesliga - 4th) Germany LB 29 Marcel Schmelzer 27 1
76%
2016/17 (Bundesliga - 3rd) Germany LB 28 Marcel Schmelzer 39 1
76%
2015/16 (Bundesliga - 2nd) Germany LB 27 Marcel Schmelzer 47
76%
2014/15 (Bundesliga - 7th) Germany LB 26 Marcel Schmelzer 33
76%
2023/24 (Bundesliga - 5th) Germany LW 21 Karim Adeyemi 34 5
75%
2022/23 (Bundesliga - 2nd) Germany LW 20 Karim Adeyemi 32 9
75%
2014/15 (Bundesliga - 7th) Italy ST 24 Ciro Immobile 34 10
74%
2022/23 (Bundesliga - 2nd) Syria CM 26 Mahmoud Dahoud 10
74%
2021/22 (Bundesliga - 2nd) Syria CM 25 Mahmoud Dahoud 30 2
74%
2020/21 (Bundesliga - 3rd) Syria CM 24 Mahmoud Dahoud 31 2
74%
2019/20 (Bundesliga - 2nd) Syria CM 23 Mahmoud Dahoud 14
74%
2018/19 (Bundesliga - 2nd) Syria CM 22 Mahmoud Dahoud 22 1
74%
2017/18 (Bundesliga - 4th) Syria CM 21 Mahmoud Dahoud 34
74%
2019/20 (Bundesliga - 2nd) Spain ST 25 Paco Alcácer 15 7
74%
2018/19 (Bundesliga - 2nd) Spain ST 24 Paco Alcácer 32 19
74%
2023/24 (Bundesliga - 5th) Algeria LB 28 Ramy Bensebaïni 25
74%
2017/18 (Bundesliga - 4th) Serbia CB 28 Neven Subotić 5
73%
2015/16 (Bundesliga - 2nd) Serbia CB 26 Neven Subotić 11
73%
2014/15 (Bundesliga - 7th) Serbia CB 25 Neven Subotić 40 3
73%
2017/18 (Bundesliga - 4th) Turkey DM 28 Nuri Şahin 25 2
72%
2016/17 (Bundesliga - 3rd) Turkey DM 27 Nuri Şahin 9 1
72%
2015/16 (Bundesliga - 2nd) Turkey DM 26 Nuri Şahin 12
72%
2014/15 (Bundesliga - 7th) Turkey DM 25 Nuri Şahin 9 1
72%
2021/22 (Bundesliga - 2nd) Denmark CM 29 Thomas Delaney 2
72%
2020/21 (Bundesliga - 3rd) Denmark CM 28 Thomas Delaney 34 1
72%
2019/20 (Bundesliga - 2nd) Denmark CM 27 Thomas Delaney 14
72%
2018/19 (Bundesliga - 2nd) Denmark CM 26 Thomas Delaney 38 3
72%
2023/24 (Bundesliga - 5th) Netherlands LB 21 Ian Maatsen 23 3
70%
2014/15 (Bundesliga - 7th) Poland RW 28 Jakub Błaszczykowski 20
70%
2023/24 (Bundesliga - 5th) Turkey DM 25 Salih Özcan 34
70%
2022/23 (Bundesliga - 2nd) Turkey DM 24 Salih Özcan 36
70%
2016/17 (Bundesliga - 3rd) Turkey RW 18 Emre Mor 19 1
68%
2019/20 (Bundesliga - 2nd) Turkey CB 29 Ömer Toprak 1
66%
2018/19 (Bundesliga - 2nd) Turkey CB 28 Ömer Toprak 14
66%
2017/18 (Bundesliga - 4th) Turkey CB 27 Ömer Toprak 36
66%
2022/23 (Bundesliga - 2nd) France ST 34 Anthony Modeste 28 2
65%
2016/17 (Bundesliga - 3rd) Germany DM 27 Sven Bender 8
65%
2015/16 (Bundesliga - 2nd) Germany DM 26 Sven Bender 35
65%
2014/15 (Bundesliga - 7th) Germany DM 25 Sven Bender 32
65%
2017/18 (Bundesliga - 4th) Ukraine RW 27 Andriy Yarmolenko 26 6
64%
2015/16 (Bundesliga - 2nd) Germany CM 24 İlkay Gündoğan 40 3
63%
2014/15 (Bundesliga - 7th) Germany CM 23 İlkay Gündoğan 33 3
63%
2017/18 (Bundesliga - 4th) Sweden ST 17 Alexander Isak 12 1
62%
2016/17 (Bundesliga - 3rd) Sweden ST 16 Alexander Isak 1
62%
2021/22 (Bundesliga - 2nd) Switzerland GK 33 Marwin Hitz 6
62%
2020/21 (Bundesliga - 3rd) Switzerland GK 32 Marwin Hitz 28
62%
2019/20 (Bundesliga - 2nd) Switzerland GK 31 Marwin Hitz 8
62%
2018/19 (Bundesliga - 2nd) Switzerland GK 30 Marwin Hitz 4
62%
2021/22 (Bundesliga - 2nd) France CB 22 Dan-Axel Zagadou 19
61%
2020/21 (Bundesliga - 3rd) France CB 21 Dan-Axel Zagadou 13
61%
2019/20 (Bundesliga - 2nd) France CB 20 Dan-Axel Zagadou 22 1
61%
2018/19 (Bundesliga - 2nd) France CB 19 Dan-Axel Zagadou 22 2
61%
2017/18 (Bundesliga - 4th) France CB 18 Dan-Axel Zagadou 16 1
61%
2018/19 (Bundesliga - 2nd) Senegal CB 22 Abdou Diallo 38 1
59%
2017/18 (Bundesliga - 4th) Spain CB 26 Marc Bartra 20 4
59%
2016/17 (Bundesliga - 3rd) Spain CB 25 Marc Bartra 31 1
59%
2017/18 (Bundesliga - 4th) Belgium ST 23 Michy Batshuayi 14 9
58%
2023/24 (Bundesliga - 5th) Germany GK 32 Alexander Meyer 9
57%
2022/23 (Bundesliga - 2nd) Germany GK 31 Alexander Meyer 12
57%
2023/24 (Bundesliga - 5th) Germany CM 22 Felix Nmecha 29 2
57%
2023/24 (Bundesliga - 5th) Belgium RW 17 Julien Duranville 2
57%
2022/23 (Bundesliga - 2nd) Belgium RW 16 Julien Duranville 1
57%
2023/24 (Bundesliga - 5th) Spain RB 23 Mateu Morey 3
57%
2020/21 (Bundesliga - 3rd) Spain RB 20 Mateu Morey 24
57%
2019/20 (Bundesliga - 2nd) Spain RB 19 Mateu Morey 5
57%
2016/17 (Bundesliga - 3rd) Colombia ST 30 Adrián Ramos 11 3
55%
2015/16 (Bundesliga - 2nd) Colombia ST 29 Adrián Ramos 39 10
55%
2014/15 (Bundesliga - 7th) Colombia ST 28 Adrián Ramos 29 6
55%
2023/24 (Bundesliga - 5th) Germany RB 28 Marius Wolf 31
55%
2022/23 (Bundesliga - 2nd) Germany RB 27 Marius Wolf 32 1
55%
2021/22 (Bundesliga - 2nd) Germany RB 26 Marius Wolf 35 3
55%
2019/20 (Bundesliga - 2nd) Germany RB 24 Marius Wolf 1
55%
2018/19 (Bundesliga - 2nd) Germany RB 23 Marius Wolf 22 1
55%
2021/22 (Bundesliga - 2nd) Brazil AM 19 Reinier Jesus 20
55%
2020/21 (Bundesliga - 3rd) Brazil AM 18 Reinier Jesus 19 1
55%
2019/20 (Bundesliga - 2nd) Germany DM 23 Julian Weigl 20 1
54%
2018/19 (Bundesliga - 2nd) Germany DM 22 Julian Weigl 24 1
54%
2017/18 (Bundesliga - 4th) Germany DM 21 Julian Weigl 33 1
54%
2016/17 (Bundesliga - 3rd) Germany DM 20 Julian Weigl 43 1
54%
2015/16 (Bundesliga - 2nd) Germany DM 19 Julian Weigl 51
54%
2021/22 (Bundesliga - 2nd) Germany LB 28 Nico Schulz 24
54%
2020/21 (Bundesliga - 3rd) Germany LB 27 Nico Schulz 19
54%
2019/20 (Bundesliga - 2nd) Germany LB 26 Nico Schulz 18 1
54%
2017/18 (Bundesliga - 4th) Germany LW 26 André Schürrle 26 3
53%
2016/17 (Bundesliga - 3rd) Germany LW 25 André Schürrle 25 5
53%
2014/15 (Bundesliga - 7th) Germany DM 34 Sebastian Kehl 32 1
53%
2019/20 (Bundesliga - 2nd) Denmark LW 20 Jacob Bruun Larsen 9
49%
2018/19 (Bundesliga - 2nd) Denmark LW 19 Jacob Bruun Larsen 30 3
49%
2017/18 (Bundesliga - 4th) Denmark LW 18 Jacob Bruun Larsen 1
49%
2016/17 (Bundesliga - 3rd) Denmark LW 17 Jacob Bruun Larsen 1
49%
2016/17 (Bundesliga - 3rd) Germany CB 22 Matthias Ginter 42
49%
2015/16 (Bundesliga - 2nd) Germany CB 21 Matthias Ginter 40 4
49%
2014/15 (Bundesliga - 7th) Germany CB 20 Matthias Ginter 20
49%
2014/15 (Bundesliga - 7th) Germany RB 25 Kevin Großkreutz 23
45%
2015/16 (Bundesliga - 2nd) Slovenia CM 24 Kevin Kampl 3
45%
2014/15 (Bundesliga - 7th) Slovenia CM 23 Kevin Kampl 16
45%
2017/18 (Bundesliga - 4th) Germany CM 30 Gonzalo Castro 28 1
44%
2016/17 (Bundesliga - 3rd) Germany CM 29 Gonzalo Castro 42 4
44%
2015/16 (Bundesliga - 2nd) Germany CM 28 Gonzalo Castro 41 7
44%
2022/23 (Bundesliga - 2nd) Germany RB 24 Felix Passlack 5
43%
2021/22 (Bundesliga - 2nd) Germany RB 23 Felix Passlack 15 1
43%
2020/21 (Bundesliga - 3rd) Germany RB 22 Felix Passlack 14 1
43%
2017/18 (Bundesliga - 4th) Germany RB 19 Felix Passlack 3
43%
2016/17 (Bundesliga - 3rd) Germany RB 18 Felix Passlack 15 1
43%
2015/16 (Bundesliga - 2nd) Germany RB 17 Felix Passlack 3
43%
2016/17 (Bundesliga - 3rd) Spain CM 20 Mikel Merino 9
42%
2016/17 (Bundesliga - 3rd) Germany RB 24 Erik Durm 20
41%
2015/16 (Bundesliga - 2nd) Germany RB 23 Erik Durm 20 1
41%
2014/15 (Bundesliga - 7th) Germany RB 22 Erik Durm 28 1
41%
2014/15 (Bundesliga - 7th) Australia GK 25 Mitchell Langerak 17
41%
2019/20 (Bundesliga - 2nd) Argentina CB 20 Leonardo Balerdi 8
40%
2018/19 (Bundesliga - 2nd) Germany SS 24 Maximilian Philipp 23 2
40%
2017/18 (Bundesliga - 4th) Germany SS 23 Maximilian Philipp 28 9
40%
2021/22 (Bundesliga - 2nd) Croatia CB 23 Marin Pongračić 23
37%
2016/17 (Bundesliga - 3rd) South Korea LB 29 Park Joo-ho 2
35%
2015/16 (Bundesliga - 2nd) South Korea LB 28 Park Joo-ho 9 1
35%
2022/23 (Bundesliga - 2nd) France CB 18 Soumaïla Coulibaly 2
35%
2014/15 (Bundesliga - 7th) Serbia CM 22 Miloš Jojić 14
33%
2022/23 (Bundesliga - 2nd) Germany LB 17 Tom Rothe 5
32%
2021/22 (Bundesliga - 2nd) Germany LB 16 Tom Rothe 2 1
32%
2017/18 (Bundesliga - 4th) Germany RB 22 Jeremy Toljan 23 1
31%
2023/24 (Bundesliga - 5th) Germany CM 17 Kjell Wätjen 2
31%
2017/18 (Bundesliga - 4th) Germany CM 26 Sebastian Rode 1
27%
2016/17 (Bundesliga - 3rd) Germany CM 25 Sebastian Rode 21 1
27%
2018/19 (Bundesliga - 2nd) Spain RW 17 Sergio Gómez 1
26%
2017/18 (Bundesliga - 4th) Spain RW 16 Sergio Gómez 2
26%
2021/22 (Bundesliga - 2nd) Germany ST 22 Steffen Tigges 15 3
26%
2020/21 (Bundesliga - 3rd) Germany ST 21 Steffen Tigges 8
26%
2021/22 (Bundesliga - 2nd) Germany RW 19 Ansgar Knauff 9
25%
2020/21 (Bundesliga - 3rd) Germany RW 18 Ansgar Knauff 7 1
25%
2015/16 (Bundesliga - 2nd) Germany AM 22 Jonas Hofmann 14 2
25%
2014/15 (Bundesliga - 7th) Germany AM 21 Jonas Hofmann 3
25%
2015/16 (Bundesliga - 2nd) Belgium RW 20 Adnan Januzaj 12
23%
2023/24 (Bundesliga - 5th) Germany CB 23 Antonios Papadopoulos 2
21%
2022/23 (Bundesliga - 2nd) Germany CB 22 Antonios Papadopoulos 3
21%
2021/22 (Bundesliga - 2nd) Germany CB 21 Antonios Papadopoulos 3
21%
2015/16 (Bundesliga - 2nd) Germany CM 22 Moritz Leitner 13
21%
2022/23 (Bundesliga - 2nd) Croatia RW 21 Marco Pašalić 1
18%
2021/22 (Bundesliga - 2nd) Croatia RW 20 Marco Pašalić 1
18%
2014/15 (Bundesliga - 7th) Germany DM 31 Oliver Kirch 12
17%
2016/17 (Bundesliga - 3rd) Bosnia DM 18 Dženis Burnić 2
15%
2018/19 (Bundesliga - 2nd) Germany GK 22 Eric Oelschlägel 1
14%
2021/22 (Bundesliga - 2nd) United States DM 21 Lennard Maloney 2
12%
2023/24 (Bundesliga - 5th) Germany CM 22 Ole Pohlmann 2
12%
2021/22 (Bundesliga - 2nd) Suriname AM 20 Immanuel Pherai 1
11%
2023/24 (Bundesliga - 5th) Germany CB 18 Hendry Blank 1
9%
2014/15 (Bundesliga - 7th) Japan CM 18 Mitsuru Maruoka 1
9%
2023/24 (Bundesliga - 5th) Germany RW 19 Samuel Bamba 2
9%
2019/20 (Bundesliga - 2nd) Germany CM 19 Tobias Raschl 1
7%
2017/18 (Bundesliga - 4th) Germany LB 18 Jan-Niklas Beste 1
6%
2014/15 (Bundesliga - 7th) United States LB 21 Joe Gyau 1
6%
2022/23 (Bundesliga - 2nd) Germany RW 21 Justin Njinmah 1
6%
2021/22 (Bundesliga - 2nd) Germany RB 17 Lion Semić 1
5%
2014/15 (Bundesliga - 7th) Germany LB 18 Jeremy Dudziak 3
1%
2015/16 (Bundesliga - 2nd) Germany RB 19 Pascal Stenzel 1
1%
No matching quizzes found
Score Distribution
Percent of People with Each Score
Percentile by Number Answered
Your Score History
You have not taken this quiz